| Tag |
First Indicator |
Second Indicator |
Subfields |
| LEADER |
00000cam a22000004a 4500 |
| 001 |
in00002088872 |
| 005 |
20151102161251.0 |
| 008 |
050527s2005 nyu 001 0 eng |
| 010 |
|
|
|a 2005048942
|
| 020 |
|
|
|a 1591841100
|
| 035 |
|
|
|a (OCoLC)ocm60671851
|
| 040 |
|
|
|a DLC
|c DLC
|d TXA
|d UtOrBLW
|
| 042 |
|
|
|a pcc
|
| 049 |
|
|
|a TXAM
|
| 050 |
0 |
0 |
|a HF5827.95
|b .B35 2005
|
| 082 |
0 |
0 |
|a 659.13/
|2 22
|
| 100 |
1 |
|
|a Balter, Dave.
|
| 245 |
1 |
0 |
|a Grapevine :
|b the new art of word-of-mouth marketing /
|c Dave Balter and John Butman.
|
| 264 |
|
1 |
|a New York :
|b Portfolio,
|c 2005.
|
| 300 |
|
|
|a viii, 214 pages ;
|c 24 cm.
|
| 336 |
|
|
|a text
|b txt
|2 rdacontent
|
| 337 |
|
|
|a unmediated
|b n
|2 rdamedia
|
| 338 |
|
|
|a volume
|b nc
|2 rdacarrier
|
| 500 |
|
|
|a Includes index.
|
| 650 |
|
0 |
|a Word-of-mouth advertising.
|
| 650 |
|
0 |
|a Viral marketing.
|
| 700 |
1 |
|
|a Butman, John.
|
| 948 |
|
|
|a cataloged
|b h
|c 2005/12/21
|d c
|e dmitchel
|f 2:44:18 pm
|
| 994 |
|
|
|a C0
|b TXA
|
| 999 |
|
|
|a MARS
|
| 999 |
f |
f |
|s d46e64b4-ede6-3496-aba5-85f4aa006d23
|i 645f6ed1-55aa-38e1-a029-a6b34d4fc9fb
|t 0
|
| 952 |
f |
f |
|p ric
|a Texas A&M University
|b Rellis Campus
|c Joint Library Facility
|d Remote Storage
|t 0
|e HF5827.95 .B35 2005
|h Library of Congress classification
|i unmediated -- volume
|m A14833165535
|
| 998 |
f |
f |
|a HF5827.95 .B35 2005
|t 0
|l Remote Storage
|